Catálogo
Digital

Catálogo
Digital

Presente y futuro del trabajo psicopedagógico (Record no. 13967)

MARC details
000 -CABECERA
campo de control de longitud fija 01624nam a2200301 4500
003 - IDENTIFICADOR DEL NÚMERO DE CONTROL
campo de control EC-UNACH
005 - FECHA Y HORA DE LA ÚLTIMA TRANSACCIÓN
campo de control 20251002101346.0
006 - CÓDIGOS DE INFORMACIÓN DE LONGITUD FIJA--CARACTERÍSTICAS DEL MATERIAL ADICIONAL
campo de control de longitud fija s||||gr|||| 00| 00
008 - DATOS DE LONGITUD FIJA--INFORMACIÓN GENERAL
campo de control de longitud fija 150116t9999 mx r gr 000 0 spa d
020 ## - NÚMERO INTERNACIONAL ESTÁNDAR DEL LIBRO
Número Internacional Estándar del Libro 84-344-2632-3
040 ## - FUENTE DE LA CATALOGACIÓN
Centro catalogador/agencia de origen EC-UNACH
Centro/agencia transcriptor EC-UNACH
041 ## - CÓDIGO DE LENGUA
Código de lengua del texto/banda sonora o título independiente spa
082 04 - NÚMERO DE LA CLASIFICACIÓN DECIMAL DEWEY
Número de edición 23
Número de clasificación 370.152
Número de documento/Ítem L001278
110 ## - ENTRADA PRINCIPAL--NOMBRE DE ENTIDAD CORPORATIVA
Nombre de entidad corporativa o nombre de jurisdicción como elemento de entrada Editorial Ariel S.A
245 ## - MENCIÓN DE TÍTULO
Título Presente y futuro del trabajo psicopedagógico
250 ## - MENCIÓN DE EDICIÓN
Mención de edición Primera edición
264 ## - Producción, publicación, distribución, fabricación y copyright
Lugar de producción, publicación, distribución, fabricación Barcelona - España
Nombre del de productor, editor, distribuidor, fabricante Editorial Ariel S.A
Fecha de de producción, publicación, distribución, fabricación o copyright 2001
300 ## - DESCRIPCIÓN FÍSICA
Extensión 259 páginas
Dimensiones 18 x 24 cm
Otras características físicas Cuadros
505 ## - NOTA DE CONTENIDO CON FORMATO
Nota de contenido con formato PRIMERA PARTE. EL PSICOPEDAGOGO Y SUS ÁMBITOS DE INTERVENCIÓN -- El psicopedagogo y los nuevos retos educativos -- El psicopedagogo en los institutos de educación secundaria -- El psicopedagogo en los equipos sectoriales de orientación -- El psicopedagogo como profesional de la acción social -- El psicopedagogo en el área de recursos humanos -- El psicopedagogo en la orientación universitaria -- SEGUNDA PARTE. TEMAS DE ACTUALIDAD PSICOPEDAGÓGICA -- Familia e intervención precoz. Orientaciones para la intervención del psicopedagogo -- Dificultades de adaptación social en la adolescencia -- Educación de las actitudes y valores e intervención psicopedagógica -- Las tecnologías de la información y la comunicación.<br/>
650 ## - PUNTO DE ACCESO ADICIONAL DE MATERIA--TÉRMINO DE MATERIA
Término de materia o nombre geográfico como elemento inicial ACTUALIDAD PSICOPEDAGÓGICA
650 ## - PUNTO DE ACCESO ADICIONAL DE MATERIA--TÉRMINO DE MATERIA
Término de materia o nombre geográfico como elemento inicial EL PSICOPEDAGOGO
650 ## - PUNTO DE ACCESO ADICIONAL DE MATERIA--TÉRMINO DE MATERIA
Término de materia o nombre geográfico como elemento inicial ADAPTACIÓN SOCIAL
700 ## - PUNTO DE ACCESO ADICIONAL--NOMBRE DE PERSONA
Nombre de persona Del Rincon Igea, Benito
942 ## - ELEMENTOS DE PUNTO DE ACCESO ADICIONAL (KOHA)
Fuente del sistema de clasificación o colocación Clasificación Decimal Dewey
Tipo de ítem Koha Libros
999 ## - NÚMEROS DE CONTROL DE SISTEMA (KOHA)
Koha biblionumber 13967
Holdings
Estado de pérdida Fuente del sistema de clasificación o colocación Estado dañado No para préstamo Localización permanente Ubicación/localización actual Ubicación en estantería Fecha de adquisición Fuente de adquisición Número de inventario Total de préstamos Signatura topográfica completa Código de barras Fecha visto por última vez Número de copia Precio válido a partir de Tipo de ítem Koha Centro de costos
  Clasificación Decimal Dewey     Biblioteca Campus Norte Biblioteca Campus Norte Facultad de Ciencias de la Salud - Generalidades 02/10/2025 Disposición Transitoria SEGUNDA. Resolución No. 0311-CU-UNACH-SE-ORD-16-09-2024 39933515   370.152 DEL L001278 L001278 02/10/2025 Ej: 01 02/10/2025 Libros  

Powered by Koha